00505 2200205 4500001002100000005001700021006001900038008004100057020002200098035002500120041000700145082001000152090001600162100001700178245002900195260002400224300002500248700001800273990000800291INLIS00000000000053720140218145033.0a ||| | 180719| ||| | id  a978-979-3925-96-7 a0010-031300000000537 aid0 a297.9 a297.9 ILA p0 aWahyu Ilaihi00aPengantar Sejarah Dakwah bPustaka Timurc2007 axxii, 246 hal, 23 cm0 aHarjani Hefni a256